Ferri, consultor clínico de medicina interna : (Record no. 25946)
[ view plain ]
| 000 -CABECERA | |
|---|---|
| campo de control de longitud fija | 00702nam a2200193 a 4500 |
| 001 - NÚMERO DE CONTROL | |
| campo de control | 000026454 |
| 005 - FECHA Y HORA DE LA ÚLTIMA TRANSACCIÓN | |
| campo de control | 20200930030231.0 |
| 008 - DATOS DE LONGITUD FIJA--INFORMACIÓN GENERAL | |
| campo de control de longitud fija | 110318s2011 sp 000 0 spa d |
| 020 ## - NÚMERO INTERNACIONAL ESTÁNDAR DEL LIBRO | |
| Número Internacional Estándar del Libro | 9788475552484 |
| 040 ## - FUENTE DE LA CATALOGACIÓN | |
| Centro catalogador/agencia de origen | DO-SdBNP |
| Lengua de catalogación | spa |
| Centro/agencia transcriptor | BNPHU |
| 041 17 - CÓDIGO DE LENGUA | |
| Código de lengua del texto/banda sonora o título independiente | spa. |
| Código de lengua original | eng |
| 245 00 - MENCIÓN DE TÍTULO | |
| Título | Ferri, consultor clínico de medicina interna : |
| Resto del título | claves diagnósticas y tratamiento /. |
| 246 14 - FORMA VARIANTE DE TÍTULO | |
| Título propio/Titulo breve | Ferri consultor clínico de medicina interna: |
| Resto del título | claves diagnósticas y tratamiento |
| 260 ## - PUBLICACIÓN, DISTRIBUCIÓN, ETC. | |
| Lugar de publicación, distribución, etc. | España : |
| Nombre del editor, distribuidor, etc. | Océano, |
| Fecha de publicación, distribución, etc. | 2011. |
| 300 ## - DESCRIPCIÓN FÍSICA | |
| Extensión | 1437 p. : |
| Otras características físicas | il. ; |
| Dimensiones | 26 cm. |
| 500 ## - NOTA GENERAL | |
| Nota general | Incluye índice |
| 534 ## - NOTA SOBRE LA VERSIÓN ORIGINAL | |
| Encabezamiento principal del original | título original : |
| Mención de edición del original | Ferri's clinical advisor : instant diagnosis and treatment |
| 710 2# - PUNTO DE ACCESO ADICIONAL--NOMBRE DE ENTIDAD CORPORATIVA | |
| Nombre de entidad corporativa o nombre de jurisdicción como elemento de entrada | Ferri, Fred F. |
| 9 (RLIN) | 53513 |
| Estado de retiro | Estado de pérdida | Restricciones de uso | No para préstamo | Código de colección | Localización permanente | Ubicación/localización actual | Ubicación en estantería | Fecha de adquisición | Número de inventario | Total de préstamos | Signatura topográfica completa | Código de barras | Fecha visto por última vez | Precio válido a partir de | Tipo de ítem Koha |
|---|---|---|---|---|---|---|---|---|---|---|---|---|---|---|---|
| Monografías: Libros y Folletos | General | General | Orden iniciada | 18.03.2011 | LF1 | 26454-10 | 25.06.2020 | 25.06.2020 | No se presta |
